El Proceso electoral de Costa Rica a partir de 1948
Сохранить в:
| Соавтор: | |
|---|---|
| Формат: | Текст |
| Язык: | Spanish |
| Опубликовано: |
San José :
|
| Метки: |
Добавить метку
Нет меток, Требуется 1-ая метка записи!
|
MARC
| LEADER | 00000 a a2200000 04500 | ||
|---|---|---|---|
| 001 | 17982 | ||
| 003 | cru CIDCACS/IIS | ||
| 005 | 20231129160930.0 | ||
| 008 | 170421b xxu||||| |||| 00| 0 spa d | ||
| 040 | |c cru CIDCACS/IIS |a cru CIDCACS/IIS | ||
| 090 | |a 04.04.02 P963p | ||
| 110 | |a UCR. Departamento de Ciencias del Hombre. Grupo IL-26 | ||
| 245 | |a El Proceso electoral de Costa Rica a partir de 1948 | ||
| 260 | |a San José : | ||
| 300 | |a 124 páginas | ||
| 942 | |2 z |c LI |h 04.04.02 P963p |i 05591 |6 040402_P963P_05591 | ||
| 999 | |c 12917 |d 12917 | ||
